Munjil Mumineen Min Kaidil Hasidin : / منجی الم‏ؤ منين من کيد الحاسدين (Record no. 27357)

MARC details
000 -LEADER
fixed length control field 00505nam a22001577a 4500
003 - CONTROL NUMBER IDENTIFIER
control field BDDh-ASL
005 - DATE AND TIME OF LATEST TRANSACTION
control field 20231015030746.0
008 - FIXED-LENGTH DATA ELEMENTS--GENERAL INFORMATION
fixed length control field 211102n xx ||||| |||| 00| 0 u d
040 ## - CATALOGING SOURCE
Original cataloging agency BDDh-ASL
Transcribing agency BDDh-ASL
082 ## - DEWEY DECIMAL CLASSIFICATION NUMBER
Classification number 297.3
Item number MUN
245 00 - TITLE STATEMENT
Title Munjil Mumineen Min Kaidil Hasidin : / منجی الم‏ؤ منين من کيد الحاسدين
300 ## - PHYSICAL DESCRIPTION
Extent 168 p. :
Dimensions 25 cm.
505 ## - FORMATTED CONTENTS NOTE
Formatted contents note Partly damaged . Pages are Missing From Both Sides .
650 #0 - SUBJECT ADDED ENTRY--TOPICAL TERM
9 (RLIN) 5142
Topical term or geographic name entry element Islamic Discourse
942 ## - ADDED ENTRY ELEMENTS (KOHA)
Source of classification or shelving scheme Dewey Decimal Classification
Koha item type Books
Holdings
Withdrawn status Lost status Source of classification or shelving scheme Damaged status Not for loan Collection code Home library Current library Shelving location Date acquired Source of acquisition Serial Enumeration / chronology Total Checkouts Full call number Barcode Date last seen Copy number Price effective from Koha item type
    Dewey Decimal Classification     Non-fiction Asiatic Society Library Asiatic Society Library General Stacks 11/02/2021 ASB Library Collection U-0710   297.3 MUN 113459 11/02/2021 C-1 11/02/2021 Books

Powered by Koha